Principios críticos sobre el Virreinato de la Nueva españa y sobre la Revolución de Independencia (Record no. 127853)

MARC details
000 -LEADER
campo de control de longitud fija 00643nam a2200181 4500
001 - NÚMERO DE CONTROL
campo de control 127853
003 - IDENTIFICADOR DE NÚMERO DE CONTROL
campo de control ES-MaACL
005 - FECHA Y HORA DE LA ÚLTIMA TRANSACCIÓN
campo de control 20230906193113.0
007 - CAMPO FIJO DE DESCRIPCIÓN FÍSICA--INFORMACIÓN GENERAL
campo de control de longitud fija t|
008 - DATOS DE LONGITUD FIJA--INFORMACIÓN GENERAL
campo de control de longitud fija 070214s1922 mx r ||||1| spa d
100 1# - ENTRADA PRINCIPAL--NOMBRE DE PERSONA
Nombre de persona Rivera, Agustín.
9 (RLIN) 97607
245 10 - MENCIÓN DEL TÍTULO
Título Principios críticos sobre el Virreinato de la Nueva españa y sobre la Revolución de Independencia
Resto del título : escritos en Lagos /
Mención de responsabilidad, etc. por Agustín Rivera.
260 ## - PUBLICACIÓN, DISTRIBUCIÓN, ETC.
Lugar de publicación, distribución, etc. México :
Nombre del editor, distribuidor, etc. Departamento Editorial de la Secretaría de Educación,
Fecha de publicación, distribución, etc. 1922.
300 ## - DESCRIPCIÓN FÍSICA
Extensión 1 v. ;
Dimensiones 19 cm.
500 ## - NOTA GENERAL
Nota general Es el v. I.
710 2# - ENTRADA AGREGADA--NOMBRE DE ENTIDAD CORPORATIVA
Nombre de entidad corporativa o nombre de jurisdicción como elemento de entrada México.
Unidad subordinada Secretaría de Educación.
9 (RLIN) 5703
852 ## - LOCALIZACIÓN
Ubicación ES-MaACL
Número de control de estantería G-7717
Holdings
Estatus retirado Estado de pérdida Estado de daño No para préstamo Biblioteca de origen Biblioteca actual Ubicación en estantería Fecha de adquisición Fuente de adquisición Total de préstamos Signatura topográfica completa Código de barras Visto por última vez Precio de reemplazo Tipo de ítem Koha
        Biblioteca del Ateneo de Madrid Biblioteca del Ateneo de Madrid Sala Pecera Planta 3 17/01/2008     G-7717 1133165 23/02/2023 23/02/2023 Libro impreso